| 000 | 00465nam a2200157Ia 4500 | ||
|---|---|---|---|
| 008 | 210210b1969 xxu||||| |||| 00| 0 eng d | ||
| 082 | _a828 COLL | ||
| 100 | _a- | ||
| 245 | _aCollected works of Mahatma Gandhi. V1-70.V58 May 18-Sep 15 1934. | ||
| 260 |
_aNew Delhi. _bPublication Division Ministry of Information & Broadcasting _c1969 |
||
| 300 | _axxvii,496 | ||
| 440 | _a58 | ||
| 650 | _aMahatma Gandhi | ||
| 690 | _aEnglish Miscellaneous | ||
| 906 | _aSG00360 | ||
| 999 |
_c111764 _d111764 |
||